Património Mundial - Statistics

Estatísticas Gerais
  • Esse quiz foi jogado 37 vezes
  • A pontuação média é 17 de 20
Estatísticas das Respostas
Resposta % Correto
Brasil
100%
Itália
100%
Alemanha
97%
China
97%
França
97%
Índia
97%
Japão
97%
Rússia
97%
México
94%
Espanha
88%
Grécia
88%
Reino Unido
88%
Austrália
84%
Portugal
84%
Canadá
75%
Polónia
75%
Estados Unidos
72%
Turquia
69%
Suécia
59%
Irão
25%
Nenhum quiz correspondente encontrado
Distribuição das Pontuações
Porcentagem de Pessoas com Cada Pontuação
Percentil de Números Respondidos
Sua Pontuação Histórica
Você não jogou esse quiz